| 000 | 00998nam a2200277 i 4500 | ||
|---|---|---|---|
| 001 | 15701 | ||
| 003 | ES-MaACL | ||
| 005 | 20250825062627.0 | ||
| 007 | t| | ||
| 008 | 000504s1998 sp a |||| | spa | ||
| 020 | _a84-87136-83-4 | ||
| 080 | _a087.5:398.8(082.2) | ||
| 080 | _a398.8(082.2):087.5 | ||
| 245 | 0 | 0 |
_aRomancero infantil albaceteño / _c[recopilado por] Francisco Mendoza Díaz-Maroto y Juana Agüero Jiménez. |
| 260 |
_aAlbacete : _bInstituto de Estudios Albacetenses de la Excma. Diputación de Albacete, _c1998. |
||
| 300 |
_a53 p. : _bil. col. ; _c24 cm. |
||
| 490 | 1 |
_aCuadernos albacetenses ; _v3 |
|
| 650 | 1 | 4 |
_aRomances- _vLibros infantiles. _916940 |
| 655 | 7 |
_aLibros infantiles _2tgfbne _9226786 |
|
| 700 | 1 |
_aMendoza Díaz-Maroto, Francisco. _980259 |
|
| 700 | 1 |
_aAgüero Jiménez, Juana. _918661 |
|
| 710 | 2 |
_aInstituto de Estudios Albacetenses. _94884 |
|
| 830 | 0 |
_aCuadernos albacetenses ; _v3 _9180362 |
|
| 852 | 4 |
_aES-MaACL _jL-23110 |
|
| 999 |
_c15701 _d15701 |
||